000 01181nam2a22002891 4500
001 RU\NLR\A1SV\31258
005 20251203152403.2
035 _a(NLR Aleph) 009715156
090 _a13479350
_c13479350
100 _a20000406d1929 u y0rusy50 ca
101 0 _arus
200 0 _aВып.5
210 _aРостов н/Д.
_d1929
215 _a47 с.
_cил.
300 _aНапеч. в Таганроге в тип. изд. "Дон. правда"
327 1 _aАвт.: М.П.Берлин, П.И.Яцков, М.Г.Домба
461 1 _1001RU\NLR\A1SV\31254
_12000#$vВып.5
_99851840
_cРостов н/Д.
_d1926-1929
_fИз Каб. по изучению личности правонарушителя. Краев. упр. здравоохр. на Сев. Кав.
_nКниж. бюро Крайздрава
_tВопросы изучения преступности на Северном Кавказе
_vВып.5
620 _dТаганрог
702 1 _aБерлин
_bМ.П.
702 1 _aЯцков
_bП.И.
702 1 _aДомба
_bМ.Г.
801 0 _aRU
_bNLR
_c20000406
899 _aРНБ
_j37/1752(5)
942 _cBOOK
980 _aA1SV
980 _aNB